| 000 | 00661nam a2200229 a 4500 | ||
|---|---|---|---|
| 001 | BRCA_4693 | ||
| 005 | 20190320204752.0 | ||
| 008 | 011010c1949----enka######---#000-0#eng-# | ||
| 041 | _aeng | ||
| 044 | _aenk | ||
| 050 | 4 |
_aN2325 _b.M37 1949 |
|
| 245 | 1 | 0 |
_aMasterpieces from the Alte Pinakothek at Munich _bNational Gallery. |
| 260 |
_aLondres _bThe Arts Counsil _c1949 |
||
| 300 |
_a48 p. _bil., 48 láminas _c24 cm. |
||
| 500 | _aIncluye índice de artistas | ||
| 500 | _aD66 | ||
| 610 | 2 | 4 |
_aAlte Pinakothek (Munich) _911907 |
| 650 | 1 | 4 |
_aPinturas _vExposiciones _911908 |
| 650 | 1 | 4 |
_aGalerías y museos _zAlemania _95059 |
| 902 | _aGFM | ||
| 942 |
_2lcc _cB |
||
| 999 |
_c4393 _d4393 |
||